|
|
|
|
| LEADER |
01032nam a2200277 a 4500 |
| 001 |
18360 |
| 003 |
BD-DhAAL |
| 008 |
090726m20082009bg 001 0aeng d |
| 010 |
|
|
|a \\2008331937
|
| 020 |
|
|
|a 9847016900808 (v. 2)
|
| 040 |
|
|
|a DLC
|c DLC
|d DLC
|d BD-DhAAL
|
| 082 |
0 |
0 |
|a 352.63092
|2 23
|
| 100 |
1 |
|
|a Hye, Hasnat Abdul.
|
| 245 |
1 |
0 |
|a All those yesterdays,
|n 1954-1964 :
|b youth in Pakistan America Europe /
|c Hasnat Abdul Hye.
|
| 260 |
|
|
|c 2008-2009.
|
| 264 |
|
|
|a Dhaka :
|b Adorn Publication,
|c 2009.
|
| 300 |
|
|
|a viii, 520 pages ;
|c 23 cm.
|
| 362 |
0 |
|
|a Vol. 2
|
| 541 |
1 |
|
|e 18360, 18361
|
| 600 |
1 |
0 |
|a Hye, Hasnat Abdul
|x Childhood and youth.
|9 56040
|
| 650 |
|
0 |
|a Authors, Bengali
|z Bangladesh
|v Biography.
|
| 650 |
|
0 |
|a Civil service
|z Bangladesh
|v Biography.
|9 48225
|
| 852 |
4 |
|
|a Ayesha Abed Library
|c General Stacks
|
| 942 |
|
|
|2 ddc
|c BK
|
| 999 |
|
|
|c 8526
|d 8526
|
| 952 |
|
|
|0 0
|1 0
|2 ddc
|4 0
|6 352_630920000000000_HYE
|7 0
|9 10287
|a BRACUL
|b BRACUL
|c GEN
|d 2010-05-17
|g 650.00
|l 2
|m 6
|o 352.63092 HYE
|p 3010018361
|r 2020-03-09
|s 2020-01-19
|t 1
|w 2010-05-17
|y BK
|